000 00321nam a2200145Ia 4500
008 210210b1933 xxu||||| |||| 00| 0 eng d
041 _aeng
082 _a829/402
100 _aFRANCE (Anatole)
245 _aOmnibus
260 _aLondon
_b-
_c1933
650 _aOmnibus
690 _aEnglish Fiction
906 _a017006
999 _c136965
_d136965